000 00616nam a2200217Ia 4500
008 160319s9999 xx 000 0 und d
020 _a9789712725623
050 _a899.211
050 _bAl445r 2011
100 _aAlmario, Virgilio S.
245 _aRizal : makata /
245 _cni Virgilio S. Almario.
260 _aManila :
260 _bAnvil Pub. Inc.
260 _c2011
300 _av, 198 p. ;
300 _c23 cm.
500 _a"Pambansang alagad ng sining para sa panitikan"--Cover.
650 _aRizal, Jose 1861-1896 -- Poetry.
650 _aRizal, Jose, 1861-1896 -- Study and teaching.
999 _c292213
_d292213